000 00246nam a2200109Ia 4500
008 200302s9999 xx 000 0 und d
100 _aMatilda Mcquaid
245 _aShigeru Ban
260 _bPhaidon Press Ltd.
260 _c2003
300 _a240 P.,
999 _c2581
_d2581